000 00439nam a22001691a 4500
001 11839
003 OSt
005 20260204212259.0
008 131127s2009||||dr ||||||b||||||||||spa||
082 _aRD 923.27293 A95d
245 _aApuntes de Duarte : Archivo y versos de Juan Pablo Duarte
250 _a5
264 _aSanto Domingo : ONE
300 _a338 P
650 _aDUARTE 1813-1876 - ENSAYOS - CONFERENCIASÌ
942 _2ddc
_cBK
999 _c11839
_d11839